Poznámky k tvoreniu objektovej syntagmy

Podrobná bibliografia
Hlavný autor: Mika, Michal, 1934- (Autor)
Médium: Článok
Jazyk:slovenčina
ISSN:1335-3624
Predmet:

MARC

LEADER 00000nab a2200000 a 4500
001 vtls000883554
003 SK-MaSNL
005 20260304105212.0
008 250429c2004 xo 0 slo
015 |a SNBRB2004/09-25666 
035 |a CLN000235028 
035 |a urn:nbn:sk:snk-ab78bb 
035 |a (uuid)b8488f3b-00a9-4866-b34a-10eaf44e7a83 
035 |a (urnnbn)urn:nbn:sk:snk:ar-a0765f 
035 |a (sysno)vtls000883554 
040 |a SNKBUCL  |b slo  |c SNKBUCL  |e AACR2 
041 0 |a slo 
044 |a xo  |c SK 
080 |a 811.161.1`367  |2 1997 
080 |a 811.162.4`367  |2 1997 
080 |a 81`367:811.161.1+811.162.4  |2 1997 
100 1 |a Mika, Michal,  |d 1934-  |4 aut  |9 28165 
245 1 0 |a Poznámky k tvoreniu objektovej syntagmy  |c Michal Mika 
504 |a Res. rus. 
650 0 7 |a slovenčina  |2 snkbucl  |9 1350 
650 0 7 |a objektová syntagma  |2 snkbucl  |9 28166 
650 0 7 |a ruština  |2 snkbucl  |9 1346 
655 7 |a články z novín a časopisov  |2 snkbucl  |9 267496 
773 0 |t Filologická revue  |g Roč. 7, č. 1 (2004), s. 42-46  |x 1335-3624 
850 |a Slovenská národná knižnica 
852 |a Slovenská národná knižnica 
954 |a odborná, vedecká literatúra pôvodná (slovenská)  |2 lita 
958 |a article27 
958 |a OND 
958 |a EUIPO 
992 |a RBX 
999 |c 2854713  |d 2856643